000 00638nam a2200217Ia 4500
003 OSt
005 20221002055016.0
006 a|||||r|||| 00| 0
007 ta
008 220930b |||||||| |||| 00| 0 220930b |||||||| |||| 00| 0 ben d d
024 _a71394
037 _cReference Collections
040 _aCRL
_cCRL
_bban
041 _2ban
_aban
082 _aP157,7(MY4):g, N0(RR)
100 _aBasak Sila Au.
_9576582
245 0 _aBangla dhadhar Bisoboictra O Samjik Poricay
260 _c1990
942 _hP157,7(MY4):g, N0(RR)
_cref
_2CC
999 _c926457
_d926457